| 000 | 00766nam a2200229 i 4500 | ||
|---|---|---|---|
| 001 | bgj | ||
| 100 | 1 | _aPOE, Edgar Allan. | |
| 245 | 1 | 0 |
_aSix Tales of Fear / _cby Edgar Allan Poe ; adapted by Elinor Chamberlin. |
| 260 |
_aWashington, D.C. : _bUnited States Information Agency, _c1991. |
||
| 300 |
_a128 pp ; _c23 cm. |
||
| 490 | 1 | _aA Ladder Edition. American Literary Classics | |
| 500 | _aOriginal title: Six stories by Edgar Allan Poe. | ||
| 500 | _aSimplified edition at the 1000-word level. | ||
| 650 | 9 |
_aAmerican stories _y1830-1861 |
|
| 700 | 1 |
_aCHAMBERLIN, Elinor. _eed. |
|
| 830 | 0 |
_aA Ladder Edition. _pAmerican Literary Classics |
|
| 020 | _apbk | ||
| 040 | _cBPK | ||
| 041 | 0 | _aeng | |
| 942 | _cKS | ||
| 008 | s uk f |000 0 eng | ||
| 999 |
_c41274 _d41274 |
||
| 856 |
_uhttp://koha.tu.koszalin.pl/cgi-bin/koha/opac-detail.pl?biblionumber=41274 _yKatalog online BPK |
||